Seven theses on Latin American social movements and political change: a tribute to andré Gunder Frank (1929-2005) /
保存先:
| 第一著者: | |
|---|---|
| フォーマット: | テキスト |
| 主題: | |
| タグ: |
タグ追加
タグなし, このレコードへの初めてのタグを付けませんか!
|
MARC
| LEADER | 00000 a a2200000 04500 | ||
|---|---|---|---|
| 001 | 16284 | ||
| 003 | |||
| 040 | |||
| 100 | |a Biekart, Kees | ||
| 245 | |a Seven theses on Latin American social movements and political change: |b a tribute to andré Gunder Frank (1929-2005) / |c Kees Biekart | ||
| 650 | |a MOVIMIENTOS SOCIALES | ||
| 650 | |a TEORIA SOCIAL | ||
| 650 | |a SOCIEDAD | ||
| 650 | |a AMERICA LATINA | ||
| 773 | |g número 79; páginas 85-94 | ||
| 999 | |c 27097 |d 27097 | ||
